Activities by Emojis - Statistics

General Stats
  • This quiz has been taken 73 times
  • The average score is 13 of 16
Answer Stats
Activity Sport % Correct
⚽️ Soccer/Football
100%
🏄‍♀️ 🏄🏄‍♂️ Surfing
98%
🏊‍♀️ 🏊 🏊‍♂️ Swimming
96%
⛳️🏌️‍♀️ 🏌️ 🏌️‍♂️ Golf
95%
🎿 ⛷ Skiing
91%
🎾 Tennis
87%
♟♟🧠🤔 Chess
85%
⛹️ ⛹️‍♂️🏀 Basketball
82%
🥅 🏒🏑⛸ Ice Hockey/Field Hockey/Hockey
82%
🌊🎣🐟🗑️ Fishing
80%
🏓⚪ Ping Pong
78%
🏹🏹🎯 Archery
76%
🎨🖌️🖼️ Art
75%
🏃‍♂️🎽😓💦🇯🇲 Running
75%
🤺⚔️🚨 Fencing
65%
🧗😨 🪂 Climbing/Rock Climbing
64%
No matching quizzes found
Score Distribution
Percent of People with Each Score
Percentile by Number Answered
Your Score History
You have not taken this quiz